Othello Characters Quiz - Statistics

General Stats
  • This quiz has been taken 497 times
  • The average score is 9 of 17
Answer Stats
# Hint Answer % Correct
1 Main character Othello
100%
3 Main antagonist Iago
99%
2 Wife of #1 Desdemona
98%
4 Second in command to #1 Cassio
92%
5 Wife of #3 Emilia
88%
6 Jealous suiter of #2 Roderigo
85%
8 Venetian senator (and father of #2) Brabantio
82%
7 Prostitute (favourite customer #4) Bianca
76%
9 Official authority in Venice Duke of Venice
50%
10 Governor of Cyprus (before #1) Montano
35%
11 Messenger (kinsman for #8) Lodovico
34%
13 Servant to #1 Clown
23%
12 Messenger (kinsman for #8) Graziano
19%
15 Political representative for Venice Senator 1
12%
16 Political representative for Venice Senator 2
12%
14 Messenger Sailor
4%
17 Messenger First Officer
2%
No matching quizzes found
Score Distribution
Percent of People with Each Score
Percentile by Number Answered
Your Score History
You have not taken this quiz